| 000 | 00503nam a22001097a 4500 | ||
|---|---|---|---|
| 100 | _aJayashree, R. | ||
| 245 | _aPlant transformation vectors | ||
| 260 | _bPlant transformation vectors. In: Recent Advances in Molecular Biology and Biotechnology: DBT Skill Vigyan State Partnership Programme Faculty Training 2024. (Comp. C. Bindu Roy). 6-19 March 2024, Rubber Research Institute of India, Kottayam, India, pp. 17-22. Lab Manual | ||
| 650 | _aCloning vectors | ||
| 650 | _aReporter vectors | ||
| 942 | _cAR | ||
| 999 |
_c75445 _d75445 |
||